000 00449nam a22001697a 4500
003 OSt
008 260512b |||||||| |||| 00| 0 eng d
082 _a633.33
_bS11I
100 _aSaad, Ahmad Abdullah
245 _aIncreasing Efficiency of Phosphatic Fertilizers in Chickpea (Cicer arietinum L.)
260 _aPusa, Samastipur
_bRAU
_c1999
300 _a114P.
502 _bMsc.
_d1999
650 _aAgronomy
650 _aMsc.
942 _2ddc
_cT
999 _c50545
_d50545